Dario Escobar: Espacios Provisionales (Record no. 1759)
[ view plain ]
| 000 -LEADER | |
|---|---|
| campo de control de longitud fija | 00538nam a22001217a 4500 |
| 008 - DATOS DE LONGITUD FIJA--INFORMACIÓN GENERAL | |
| campo de control de longitud fija | 190327b xxu||||| |||| 00| 0 eng d |
| 082 ## - NÚMERO DE LA CLASIFICACIÓN DECIMAL DEWEY | |
| Número de clasificación | 708 |
| Número de ítem | D722d |
| 100 ## - ENTRADA PRINCIPAL--NOMBRE DE PERSONA | |
| Nombre de persona | Barahona, Rolando (Curador) |
| 9 (RLIN) | 6981 |
| 245 ## - MENCIÓN DEL TÍTULO | |
| Título | Dario Escobar: Espacios Provisionales |
| 260 ## - PUBLICACIÓN, DISTRIBUCIÓN, ETC. | |
| Lugar de publicación, distribución, etc. | San José, Costa Rica |
| Nombre del editor, distribuidor, etc. | Museo de Arte y Diseño Contemporáneo |
| Fecha de publicación, distribución, etc. | 2003 |
| 300 ## - DESCRIPCIÓN FÍSICA | |
| Extensión | 39 p. |
| Otras características físicas | ill (col). |
| Dimensiones | 18,2 cm |
| 650 ## - PUNTO DE ACCESO ADICIONAL DE MATERIA--TÉRMINO DE MATERIA | |
| Subdivisión de forma | Arte contemporáneo |
| Subdivisión general | Arte - exhibiciones |
| -- | Arte - instalaciones |
| -- | Arte - instalaciones - MADC |
| -- | Escobar, Darío |
| -- | Herrero, Federico |
| Subdivisión geográfica | Arte - Costa Rica |
| 9 (RLIN) | 6982 |
| Estatus retirado | Estado de pérdida | Fuente del sistema de clasificación o colocación | Estado de daño | No para préstamo | Biblioteca de origen | Biblioteca actual | Ubicación en estantería | Fecha de adquisición | Total de préstamos | Signatura topográfica completa | Código de barras | Visto por última vez | Precio de reemplazo | Tipo de ítem Koha |
|---|---|---|---|---|---|---|---|---|---|---|---|---|---|---|
| Clasificación Decimal Dewey | Biblioteca LadoV | Biblioteca LadoV | 27/03/2019 | 708 D722d | 001636 | 27/03/2019 | 27/03/2019 | Material 01 |
